Banky a ochrana životního prostředí
Dva prístupy bánk k ochrane životného prostredia. 1. Dodržiavanie legislatívy na ochranu životného prostredia znamená pre podniky pristúpiť k ekologickým záväzkom, investovať do technológií chrániacich životné prostredie. Pre banky to znamená ohrozenie bankových úverov. Banky sa musia zamerať na zni...
Saved in:
| Main Author: | |
|---|---|
| Format: | Book Chapter |
| Language: | Czech |
| Subjects: | |
| Tags: |
No Tags, Be the first to tag this record!
|
MARC
| LEADER | 00000naa a2200000 4500 | ||
|---|---|---|---|
| 001 | r022802 | ||
| 005 | 20230908090426.6 | ||
| 041 | 0 | |a cze | |
| 044 | |a CZ | ||
| 245 | 1 | 0 | |a Banky a ochrana životního prostředí |c J. Francek |
| 520 | |a Dva prístupy bánk k ochrane životného prostredia. 1. Dodržiavanie legislatívy na ochranu životného prostredia znamená pre podniky pristúpiť k ekologickým záväzkom, investovať do technológií chrániacich životné prostredie. Pre banky to znamená ohrozenie bankových úverov. Banky sa musia zamerať na znižovanie tzv. ekologických rizík. 2. Prijatie zodpovednosti bánk za poškodzovanie prírody a životného prostredia - výber projektov. | ||
| 610 | 2 | 0 | |a banky |
| 610 | 2 | 0 | |a ochrana prostredia životného |
| 610 | 2 | 0 | |a riziko |
| 610 | 2 | 0 | |a úver bankový |
| 100 | 1 | |a Francek, J. | |